The Life Of Pablo Features - Statistics

General Stats
  • This quiz has been taken 23 times
  • The average score is 12 of 20
Answer Stats
Song Feature % Correct
No More Parties In LA Kendrick Lamar
90%
Father Stretch My Hands Pt. 1 Kid Cudi
90%
Famous Rihanna
90%
Ultralight Beam Chance the Rapper
85%
Pt. 2 Desiigner
85%
Freestyle 4 Desiigner
85%
Frank's Track Frank Ocean
85%
Saint Pablo Sampha
65%
FML The Weeknd
65%
Waves Chris Brown
60%
Fade Post Malone
55%
Real Friends Ty Dolla $ign
55%
Fade Ty Dolla $ign
55%
Wolves Sia
50%
Highlights Young Thug
40%
Ultralight Beam Kelly Price
25%
Siiiiiiiiilver Surffffeeeeer Intermission Max B
25%
Wolves VIC MENSA
25%
Ultralight Beam The-Dream
15%
Highlights The-Dream
15%
No matching quizzes found
Score Distribution
Percent of People with Each Score
Percentile by Number Answered
Your Score History
You have not taken this quiz